000 00609 a2200217 4500
001 147268
003 OSt
005 20210916164307.0
008
020 _a9788121908924
082 _a515.352
_bR13O
100 1 _aRaisinghania, M. D.
245 1 _aOrdinary and partial differential equations
_cby M. D. Raisinghania
260 _aNew Delhi
_bS. CHAND
_c2014
300 _av.p.
653 _aMathematics
653 _aDifferential equations
653 _aNonlinear integral equations
653 _aDifferential equations-numerical solutions
942 _2ddc
_cBK
999 _c13367
_d13367